Vēlreiz par neoklasicismu Rīgas 20. gs
| Titel: | Vēlreiz par neoklasicismu Rīgas 20. gs : sākuma arhitektūras dekoratīvajā tēlniecībā |
|---|---|
| Verfasser: | |
| Beteiligt: | |
| In: |
Architektur und bildende Kunst im Baltikum um 1900, (2000), Seite 74-83, 186, 16 Abb. alle Artikel anzeigen |
| Veröffentlicht: | 2000 |
| Format: | Aufsatz |
| Sprache: | Lettisch |
X
alg: 39290625
001A $01999:11-11-16
001B $01999:22-05-21 $t21:50:47.000
001D $01999:11-11-16
001U $0utf8
001X $00
002@ $0Aox
003@ $0392906252
007A $0392906252 $aHEB
007T $0Herde17251
010@ $alav
011@ $a2000
021A $aVēlreiz par neoklasicismu Rīgas 20. gs $dsākuma arhitektūras dekoratīvajā tēlniecībā
028A $aGrosa $dSilvija
028C $aStreips $BÜbers. $dKārlis
031A $h74-83, 186, 16 Abb. $j2000
037A $aengl. Res. 179: Neo-Classicism in the decorative sculpture of Art Nouveau in Rīga. (Tulk. Kārlis Streips.)
039B $aIn $8--Aau--. Architektur und bildende Kunst im Baltikum um 1900. - Frankfurt am Main {[u.a.] : Lang, 1999. - 195 S.. - Ill.. - ISBN 3-631-33090-1 $x200000000000000926 $9074492764
045F $a709.4796 $eDDC23BSB
045F/01 $a709
045F/03 $g4796
lok: 39290625 78
exp: 39290625 78 1 #EPN
201B/01 $020-12-17 $t22:58:32.000
201U/01 $0utf8
203@/01 $0789016516
208@/01 $a11-11-16 $be
209A/01 $a/ $f000 $x00
220C/01 $aTitelaufnehmer: pk
220C/01 $aHerkunft: Baltische Bibliographie / P. Kaegbein
244Z/01 $2Trx $#Latvija $#Lettland $#Łotwa $#Lotyšsko $8--Trx--Latvija $x01 $9391275879
244Z/01 $#Riga $#Rīga $#Ryga $#Riega $#Riga in Lieffland $#Rigae Livonum $#Rygae $#Righa $74050042-1 $8--Tg1--Riga $x02 $9085139726
244Z/01 $aGeschichte 1900-1999 $x03
244Z/01 $2Trx $#Art nouveau $#secesija $#Art nouveau $#szecesszió $#secesja $#secesia $#secese $8--Trx--Jugendstil $x04 $9391354698
244Z/01 $2Trx $#skulptuur $#skulptūra $#Sculpture $#szobrászat $#rzeźba $#plastika $#plastika $#Skulptur $#sochy $#sochy $8--Trx--Plastik $x05 $9391364588
244Z/01 $2Trx $8--Trx--Einzelbeiträge $x06 $9391384570
245Z/01 $a11.11 $x01
247C/01 $82080>Marburg/Lahn, Herder-Institut, Forschungsbibliothek, Bibliographieportal $9336309341
| LEADER | 00000caa a22000002c 4500 | ||
|---|---|---|---|
| 001 | 392906252 | ||
| 003 | DE-603 | ||
| 005 | 20210522215047.0 | ||
| 007 | tu | ||
| 008 | 161111s2000 xx |||| | u00||u|lav c | ||
| 035 | |a (DE-599)HEB392906252 | ||
| 040 | |a DE-603 |b ger |c DE-603 |d DE-603 | ||
| 041 | |a lav | ||
| 082 | 0 | 4 | |8 1\u |a 709.4796 |q DE-101 |2 23/BSB |
| 085 | |8 1\u |b 709 | ||
| 085 | |8 1\u |z 2 |s 4796 | ||
| 100 | 1 | |a Grosa, Silvija | |
| 245 | 0 | 0 | |a Vēlreiz par neoklasicismu Rīgas 20. gs |b sākuma arhitektūras dekoratīvajā tēlniecībā |
| 264 | 0 | |c 2000 | |
| 500 | |a engl. Res. 179: Neo-Classicism in the decorative sculpture of Art Nouveau in Rīga. (Tulk. Kārlis Streips.) | ||
| 700 | 1 | |a Streips, Kārlis |e Übers. |4 trl | |
| 773 | 0 | 8 | |i In |t Architektur und bildende Kunst im Baltikum um 1900 |d Frankfurt am Main [u.a.] : Lang, 1999 |h 195 S., Ill. |z 3631330901 |g (2000), Seite 74-83, 186, 16 Abb. |w (DE-603)074492764 |
| 924 | 0 | |9 2080 |a (DE-603)789016516 |b DE-2080 |c HES |d d |g / | |


